Conversaciones con Nehru

Wedi'i Gadw mewn:
Manylion Llyfryddiaeth
Prif Awdur: Mende, Tibor (autor)
Fformat: Llyfr
Iaith:Sbaeneg
Cyhoeddwyd: Santiago Pacífico 1956
Cyfres:Colección Mundo Nuevo
Pynciau:
Tagiau: Ychwanegu Tag
Dim Tagiau, Byddwch y cyntaf i dagio'r cofnod hwn!

MARC

LEADER 00000nam a2200000 a 4500
001 UCW8163
003 CL-VaPUC
008 880610e19560000CL |||||||||||||||||spa|d
082 0 4 |a 808.56  |b MEN  |2 21 
100 |a Mende, Tibor  |e autor  |9 443586 
245 1 0 |a Conversaciones con Nehru 
300 |a 163 p 
942 |c BK 
945 |d 19880610 00:00:00 
260 |a Santiago  |b Pacífico  |c 1956 
600 0 7 |a NEHRU, PANDIT JAWAHARLAL  |2 CL-VaPUC  |9 313274 
650 0 |a Relatos personales  |9 255122 
583 |a last modification  |c 19880610 00:00:00  |k Rodrigo Vera 
490 0 |a Colección Mundo Nuevo 
999 |c 220622  |d 220620 
952 |0 0  |1 0  |4 0  |6 808_560000000000000_MEN_1956  |7 0  |8 A  |9 213094  |a BIBEDU  |b BIBEDU  |d 2019-11-15  |i 2814331  |o 808.56 MEN 1956  |p 2814331  |r 2019-11-15  |w 2019-11-15  |y BK  |k LIT 
952 |0 0  |1 0  |4 0  |6 808_560000000000000_MEN_1956  |7 0  |8 A  |9 213095  |a BIBHIS  |b BIBHIS  |d 2019-11-15  |i 138404K  |o 808.56 MEN 1956  |p 138404K  |r 2025-01-20  |w 2019-11-15  |y BK  |k HIS